ბათუმის შოთა რუსთაველის სახელმწიფო უნივერსიტეტის ბიბლიოთეკა

თხზულებანი ორ ტომად.ტ.1 (ბიბ.ჩანაწერი № 43122)

000 -LEADER
fixed length control field 00718nam a2200205Ia 4500
001 - CONTROL NUMBER
control field 9843
003 - CONTROL NUMBER IDENTIFIER
control field GE_BSU
008 - FIXED-LENGTH DATA ELEMENTS--GENERAL INFORMATION
fixed length control field 181216s||||||||xx |||||||||||||| ||und||
040 ## - CATALOGING SOURCE
Transcribing agency GE_BSU
100 ## - MAIN ENTRY--PERSONAL NAME
Personal name ნინოშვილი,ეგნატე
245 ## - TITLE STATEMENT
Title თხზულებანი ორ ტომად.ტ.1
245 ## - TITLE STATEMENT
Statement of responsibility, etc. რედ:გიორგი ჯიბლაძე,შალვა რადიანი,რაჟდენ გვეტაძე
260 ## - PUBLICATION, DISTRIBUTION, ETC.
Place of publication, distribution, etc. თბილისი
260 ## - PUBLICATION, DISTRIBUTION, ETC.
Name of publisher, distributor, etc. საბჭოთა მწერალი
260 ## - PUBLICATION, DISTRIBUTION, ETC.
Date of publication, distribution, etc. 1950
300 ## - PHYSICAL DESCRIPTION
Extent 322გვ;22სმ
300 ## - PHYSICAL DESCRIPTION
Other physical details 1ფ პორტრეტი
653 ## - INDEX TERM--UNCONTROLLED
Uncontrolled term თხზულებანი
942 ## - ADDED ENTRY ELEMENTS (KOHA)
Koha item type წიგნი
ეგზემპლარები
Withdrawn status Lost status Damaged status Not for loan Date acquired Barcode Date last seen Price effective from Koha item type
        2018-12-17 33112 2018-12-17 2018-12-17 წიგნი